[Event "TATA 14th IBCA World Chess Olympiad for "]
[Site "Hotel Le Royal Meridien, Chenn"]
[Date "2012.08.13"]
[Round "4"]
[White "Desanjose Candalija, Eduardo"]
[Black "Mueller, Oliver"]
[Result "1/2-1/2"]
[WhiteElo "2238"]
[BlackElo "2265"]
[PlyCount "39"]
[EventDate "2012.08.10"]
[WhiteTeam "Spain"]
[BlackTeam "Germany"]

1. c4 e6 2. Nf3 Nf6 3. Nc3 d5 4. d4 Bb4 5. cxd5 exd5 6. Bg5 Nbd7 7. e3 c5 8.
Bd3 Qa5 9. Qc2 c4 10. Bf5 O-O 11. O-O g6 12. Bh3 Kg7 13. Nd2 h6 14. Bh4 Re8 15.
Bg3 Nb6 16. Bxc8 Raxc8 17. Be5 Nbd7 18. a3 Bxc3 19. Qxc3 Qxc3 20. Bxf6+ 1/2-1/2

[Event "TATA 14th IBCA World Chess Olympiad for "]
[Site "Hotel Le Royal Meridien, Chenn"]
[Date "2012.08.14"]
[Round "5"]
[White "Palacios Perez, Manuel"]
[Black "Ross, Chris N"]
[Result "0-1"]
[WhiteElo "2166"]
[BlackElo "2231"]
[PlyCount "38"]
[EventDate "2012.08.10"]
[WhiteTeam "Spain"]
[BlackTeam "UK"]

1. d4 e6 2. c4 Nf6 3. Nc3 Bb4 4. Qc2 O-O 5. e4 d5 6. e5 Ne4 7. Bd3 c5 8. cxd5
exd5 9. Nge2 cxd4 10. Nxd4 Nd7 11. f4 Qh4+ 12. g3 Qh3 13. Bf1 Qh6 14. Bg2 Qa6
15. a3 Ndc5 16. Bf1 Bxc3+ 17. Qxc3 Qb6 18. Qb4 Qd8 19. Nb3 a5 0-1

[Event "TATA 14th IBCA World Chess Olympiad for "]
[Site "Hotel Le Royal Meridien, Chenn"]
[Date "2012.08.17"]
[Round "7"]
[White "Nielsen, Henning"]
[Black "Murin, Miroslav"]
[Result "1/2-1/2"]
[WhiteElo "1871"]
[BlackElo "1866"]
[PlyCount "145"]
[EventDate "2012.08.10"]
[WhiteTeam "Denmark"]
[BlackTeam "Slovakia"]

1. e4 e5 2. Nf3 d6 3. d4 Nd7 4. Bc4 c6 5. c3 b5 6. Bb3 Be7 7. O-O h6 8. a4 Bb7
9. axb5 cxb5 10. Qe2 Ngf6 11. dxe5 Nxe4 12. Qxb5 Rb8 13. e6 fxe6 14. Bxe6 Nec5
15. Bxd7+ Nxd7 16. Qh5+ Kf8 17. Be3 Nf6 18. Qf5 Be4 19. Qe6 Bd5 20. Qh3 Rxb2
21. Rxa7 Rb7 22. Rxb7 Bxb7 23. Nbd2 Kf7 24. Nd4 Bc8 25. Qf3 Qc7 26. c4 d5 27.
cxd5 Bg4 28. Qg3 Bd6 29. f4 Qc3 30. Nb5 Qb4 31. Nxd6+ Qxd6 32. Nc4 Qe7 33. Ne5+
Kg8 34. Bd4 Bf5 35. Ng6 Bxg6 36. Qxg6 Qf7 37. Qxf7+ Kxf7 38. d6 Ke6 39. Be5 Rd8
40. Re1 g5 41. fxg5 hxg5 42. Bg3+ Kd5 43. Re5+ Kxd6 44. Rxg5+ Ke6 45. Re5+ Kf7
46. h3 Kg6 47. Bh4 Rd6 48. g4 Ra6 49. Bf2 Ra4 50. Kg2 Ne4 51. Be3 Nf6 52. Kf3
Nd7 53. Re4 Ra3 54. h4 Nf6 55. Rd4 Ra5 56. Rd6 Kf7 57. g5 Ne8 58. Rb6 Ng7 59.
Kg4 Ra4+ 60. Bf4 Ne6 61. Rxe6 Kxe6 62. Kf3 Kf7 63. h5 Ra3+ 64. Kg4 Ra4 65. Kf5
Kg8 66. g6 Ra1 67. h6 Rh1 68. Kg5 Rg1+ 69. Kf6 Rh1 70. g7 Kh7 71. Bg5 Rf1+ 72.
Ke5 Rg1 73. Kf5 1/2-1/2

[Event "TATA 14th IBCA World Chess Olympiad for "]
[Site "Hotel Le Royal Meridien, Chenn"]
[Date "2012.08.19"]
[Round "9"]
[White "Stachanczyk, Jacek"]
[Black "Palacios Perez, Manuel"]
[Result "1/2-1/2"]
[WhiteElo "2256"]
[BlackElo "2166"]
[PlyCount "101"]
[EventDate "2012.08.10"]
[WhiteTeam "Poland"]
[BlackTeam "Spain"]

1. e4 e6 2. d4 d5 3. Nc3 Bb4 4. Nge2 dxe4 5. a3 Be7 6. Nxe4 Nf6 7. N2g3 Bd7 8.
Nxf6+ Bxf6 9. Nh5 Bc6 10. Be3 Nd7 11. Qg4 g6 12. Nxf6+ Nxf6 13. Qh4 Nd5 14.
Qxd8+ Rxd8 15. Bd2 O-O 16. O-O-O Rfe8 17. f3 e5 18. c4 Nb6 19. Bg5 Rxd4 20.
Rxd4 exd4 21. Bf6 Re1+ 22. Kd2 Ra1 23. b3 Rxa3 24. Kc2 Nd7 25. Bxd4 Ra2+ 26.
Bb2 Ra5 27. Be2 Rg5 28. g3 Rh5 29. h3 g5 30. Bd1 Nf8 31. Rh2 Rh6 32. Bc1 Rg6
33. h4 gxh4 34. g4 Ne6 35. Kc3 Rf6 36. g5 Rf5 37. f4 Nc5 38. Rxh4 Ne4+ 39. Kd4
Ra5 40. Bc2 f5 41. gxf6 Nxf6 42. c5 Ra1 43. Be3 Rh1 44. Rxh1 Bxh1 45. Bf2 Kf7
46. Bh4 h6 47. b4 c6 48. Ke5 Nd5 49. Be1 Ne3 50. Bd3 Bf3 51. Bd2 1/2-1/2